000 00433nam a2200145Ia 4500
008 230917s9999||||xx |||||||||||||| ||und||
040 _e195252
_aMAIN
041 _aEnglish
082 _a658.409 G191F
100 _aGarratt, Bob
245 0 _aFish rots from the head: The crisis in our boardrooms:Developing the crucial skills of the competent Dirctor
260 _aLondon
_bProfile Books
_c2009
300 _a281 p.
942 _cBK
999 _c163866
_d163866